000 00584nam a2200241 a 4500
001 nice12345678
003 IN_TiNIC
005 20260116011258.0
008 050524s1966 lona grp 000 0 eng
020 _a
_c3.5
082 0 0 _a261.72
_bNEW
100 _aNewbigin, J E Leslie
245 _aHonest Religion for Secular Man.
260 _aLondon
_bSCM Press
_c1966
300 _a159p
500 _aincludes index and biblioraphy
505 2 _aIndex of Subject
650 _aSecularism
700 1 _aNewbigin, J E Leslie
902 _bSRS
942 _cBK
999 _c119
_d119